[Event "DEM U16 2025"]
[Site "Willingen GER"]
[Date "2025.06.13"]
[Round "8"]
[White "Schwitkowski, Luka"]
[Black "Marcziter, Alex"]
[Result "0-1"]
[Termination "normal"]
[Board "9"]
[WhiteElo "2129"]
[BlackElo "2102"]
[WhiteClock "00:00:40"]
[BlackClock "00:17:53"]
[PlyCount "74"]
[WhiteFideId "34610669"]
[BlackFideId "16258126"]
[EventCountry "GER"]
[EventRounds "9"]
[EventType "swiss"]
[EventDate "2025.06.07"]

1. e4 {[%clk 01:29:08]} {[%emt 00:01:51]} d6 {[%clk 01:29:19]} {[%emt
00:01:41]} 2. d4 {[%clk 01:28:26]} {[%emt 00:01:11]} Nf6 {[%clk 01:28:41]}
{[%emt 00:01:07]} 3. Nc3 {[%clk 01:28:00]} {[%emt 00:00:58]} g6 {[%clk
01:28:02]} {[%emt 00:01:08]} 4. Nf3 {[%clk 01:27:43]} {[%emt 00:00:47]} Bg7
{[%clk 01:27:38]} {[%emt 00:00:55]} 5. Be2 {[%clk 01:27:19]} {[%emt 00:00:54]}
O-O {[%clk 01:27:08]} {[%emt 00:00:59]} 6. O-O {[%clk 01:27:00]} {[%emt
00:00:49]} c6 {[%clk 01:25:46]} {[%emt 00:01:53]} 7. a4 {[%clk 01:26:14]}
{[%emt 00:01:16]} Nbd7 {[%clk 01:24:11]} {[%emt 00:02:05]} 8. h3 {[%clk
01:25:30]} {[%emt 00:01:14]} e5 {[%clk 01:21:59]} {[%emt 00:02:42]} 9. dxe5
{[%clk 01:25:39]} {[%emt 00:00:21]} dxe5 {[%clk 01:22:15]} {[%emt 00:00:13]}
10. Bc4 {[%clk 01:26:07]} {[%emt 00:00:04]} h6 {[%clk 01:14:52]} {[%emt
00:07:52]} 11. Qd6 {[%clk 01:23:04]} {[%emt 00:03:34]} Re8 {[%clk 01:14:19]}
{[%emt 00:01:02]} 12. Rd1 {[%clk 01:20:52]} {[%emt 00:02:42]} Bf8 {[%clk
01:13:29]} {[%emt 00:01:18]} 13. Qd2 {[%clk 01:19:55]} {[%emt 00:01:29]} Qe7
{[%clk 01:09:30]} {[%emt 00:04:29]} 14. b3 {[%clk 01:06:47]} {[%emt 00:13:38]}
Nc5 {[%clk 01:03:12]} {[%emt 00:06:47]} 15. Ba3 {[%clk 01:00:52]} {[%emt
00:06:25]} Be6 {[%clk 00:51:40]} {[%emt 00:12:01]} 16. Bxe6 {[%clk 00:56:47]}
{[%emt 00:04:36]} Qxe6 {[%clk 00:52:02]} {[%emt 00:00:09]} 17. Qe3 {[%clk
00:53:16]} {[%emt 00:04:01]} b6 {[%clk 00:48:01]} {[%emt 00:04:31]} 18. a5
{[%clk 00:45:37]} {[%emt 00:08:09]} Kh7 {[%clk 00:45:17]} {[%emt 00:03:14]} 19.
Nd2 {[%clk 00:20:47]} {[%emt 00:25:20]} Nfd7 {[%clk 00:41:26]} {[%emt
00:04:21]} 20. Bb4 {[%clk 00:16:50]} {[%emt 00:04:27]} b5 {[%clk 00:40:06]}
{[%emt 00:01:50]} 21. a6 {[%clk 00:14:21]} {[%emt 00:02:59]} f5 {[%clk
00:36:57]} {[%emt 00:03:38]} 22. Nf3 {[%clk 00:12:01]} {[%emt 00:02:50]} f4
{[%clk 00:35:29]} {[%emt 00:01:59]} 23. Qe2 {[%clk 00:04:25]} {[%emt 00:08:05]}
Nf6 {[%clk 00:33:46]} {[%emt 00:02:14]} 24. Bxc5 {[%clk 00:02:17]} {[%emt
00:02:39]} Bxc5 {[%clk 00:34:07]} {[%emt 00:00:08]} 25. Na2 {[%clk 00:02:34]}
{[%emt 00:00:13]} g5 {[%clk 00:33:34]} {[%emt 00:01:03]} 26. Nc1 {[%clk
00:01:12]} {[%emt 00:01:53]} g4 {[%clk 00:29:29]} {[%emt 00:04:35]} 27. Nh4
{[%clk 00:00:37]} {[%emt 00:01:06]} Rg8 {[%clk 00:28:56]} {[%emt 00:01:02]} 28.
Nd3 {[%clk 00:00:38]} {[%emt 00:00:28]} f3 {[%clk 00:27:00]} {[%emt 00:02:27]}
29. Qe1 {[%clk 00:00:32]} {[%emt 00:00:36]} Bb6 {[%clk 00:26:43]} {[%emt
00:00:47]} 30. g3 {[%clk 00:00:51]} {[%emt 00:00:12]} gxh3 {[%clk 00:26:10]}
{[%emt 00:01:03]} 31. Kh1 {[%clk 00:00:54]} {[%emt 00:00:27]} Nh5 {[%clk
00:21:14]} {[%emt 00:05:25]} 32. Nxf3 {[%clk 00:00:48]} {[%emt 00:00:35]} Rg7
{[%clk 00:18:19]} {[%emt 00:03:26]} 33. Ndxe5 {[%clk 00:00:35]} {[%emt
00:00:44]} Bxf2 {[%clk 00:18:09]} {[%emt 00:00:40]} 34. Qb4 {[%clk 00:00:36]}
{[%emt 00:00:29]} Nxg3+ {[%clk 00:18:15]} {[%emt 00:00:23]} 35. Kh2 {[%clk
00:01:04]} {[%emt 00:00:02]} Ne2 {[%clk 00:17:58]} {[%emt 00:00:47]} 36. Kh1
{[%clk 00:00:44]} {[%emt 00:00:50]} Rg2 {[%clk 00:17:48]} {[%emt 00:00:39]} 37.
Rd7+ {[%clk 00:00:40]} {[%emt 00:00:35]} Qxd7 {[%clk 00:17:53]} {[%emt
00:00:26]} 0-1

[Event "DEM U16 2025"]
[Site "Willingen GER"]
[Date "2025.06.13"]
[Round "8"]
[White "Skembris, Simon Max"]
[Black "Riechenberg, Sebastian"]
[Result "1-0"]
[Termination "normal"]
[Board "10"]
[WhiteTitle "CM"]
[WhiteElo "2199"]
[BlackElo "2101"]
[WhiteClock "00:48:33"]
[BlackClock "00:49:08"]
[PlyCount "54"]
[WhiteFideId "16281381"]
[BlackFideId "34605231"]
[EventCountry "GER"]
[EventRounds "9"]
[EventType "swiss"]
[EventDate "2025.06.07"]

1. e4 {[%clk 01:30:57]} {[%emt 00:00:02]} c5 {[%clk 01:29:36]} {[%emt
00:01:24]} 2. Nf3 {[%clk 01:31:12]} {[%emt 00:00:16]} d6 {[%clk 01:30:02]}
{[%emt 00:00:04]} 3. d4 {[%clk 01:31:38]} {[%emt 00:00:05]} cxd4 {[%clk
01:30:30]} {[%emt 00:00:02]} 4. Nxd4 {[%clk 01:31:57]} {[%emt 00:00:11]} Nf6
{[%clk 01:30:57]} {[%emt 00:00:04]} 5. Nc3 {[%clk 01:32:19]} {[%emt 00:00:08]}
a6 {[%clk 01:31:22]} {[%emt 00:00:05]} 6. g3 {[%clk 01:32:31]} {[%emt
00:00:18]} e5 {[%clk 01:31:49]} {[%emt 00:00:04]} 7. Nde2 {[%clk 01:32:55]}
{[%emt 00:00:05]} Be7 {[%clk 01:32:14]} {[%emt 00:00:06]} 8. Bg2 {[%clk
01:33:16]} {[%emt 00:00:08]} b5 {[%clk 01:32:41]} {[%emt 00:00:03]} 9. Nd5
{[%clk 01:33:35]} {[%emt 00:00:10]} Nbd7 {[%clk 01:33:08]} {[%emt 00:00:03]}
10. Nec3 {[%clk 01:33:40]} {[%emt 00:00:25]} Nxd5 {[%clk 01:33:32]} {[%emt
00:00:06]} 11. Nxd5 {[%clk 01:33:41]} {[%emt 00:00:29]} Nf6 {[%clk 01:33:56]}
{[%emt 00:00:06]} 12. Nxf6+ {[%clk 01:30:02]} {[%emt 00:04:09]} Bxf6 {[%clk
01:34:01]} {[%emt 00:00:25]} 13. a4 {[%clk 01:29:10]} {[%emt 00:01:21]} bxa4
{[%clk 01:30:02]} {[%emt 00:04:30]} 14. Rxa4 {[%clk 01:28:40]} {[%emt
00:00:59]} O-O {[%clk 01:30:15]} {[%emt 00:00:17]} 15. O-O {[%clk 01:27:08]}
{[%emt 00:02:02]} Bd7 {[%clk 01:27:55]} {[%emt 00:02:51]} 16. Ra2 {[%clk
01:25:35]} {[%emt 00:02:02]} Qc7 {[%clk 01:25:58]} {[%emt 00:02:27]} 17. b3
{[%clk 01:21:33]} {[%emt 00:04:32]} a5 {[%clk 01:25:23]} {[%emt 00:01:06]} 18.
Bd2 {[%clk 01:19:32]} {[%emt 00:02:30]} Ra6 {[%clk 01:04:41]} {[%emt 00:21:12]}
19. Qe2 {[%clk 01:10:14]} {[%emt 00:09:48]} Rfa8 {[%clk 01:04:01]} {[%emt
00:01:10]} 20. Rfa1 {[%emt 00:03:53]} Bd8 {[%clk 00:58:16]} {[%emt 00:06:13]}
21. b4 {[%clk 01:01:11]} {[%emt 00:06:13]} Be6 {[%clk 00:57:10]} {[%emt
00:01:36]} 22. Rxa5 {[%clk 00:57:53]} {[%emt 00:03:48]} Rxa5 {[%clk 00:55:27]}
{[%emt 00:02:13]} 23. Rxa5 {[%clk 00:52:34]} {[%emt 00:05:49]} Rxa5 {[%clk
00:48:10]} {[%emt 00:07:47]} 24. bxa5 {[%clk 00:52:53]} {[%emt 00:00:11]} Qxc2
{[%clk 00:48:33]} {[%emt 00:00:07]} 25. Bf1 {[%clk 00:50:07]} {[%emt 00:03:15]}
Bc4 {[%clk 00:48:39]} {[%emt 00:00:24]} 26. Qxc4 {[%clk 00:48:32]} {[%emt
00:02:05]} Qxd2 {[%clk 00:48:59]} {[%emt 00:00:10]} 27. a6 {[%clk 00:48:33]}
{[%emt 00:00:28]} Qa5 {[%clk 00:49:08]} {[%emt 00:00:21]} 1-0

[Event "DEM U16 2025"]
[Site "Willingen GER"]
[Date "2025.06.13"]
[Round "8"]
[White "Fruth, David"]
[Black "Sreeramulu, Aarush"]
[Result "0-1"]
[Termination "normal"]
[Board "11"]
[WhiteElo "2131"]
[BlackElo "2032"]
[WhiteClock "00:00:42"]
[BlackClock "00:02:23"]
[PlyCount "80"]
[WhiteFideId "16257596"]
[BlackFideId "34610685"]
[EventCountry "GER"]
[EventRounds "9"]
[EventType "swiss"]
[EventDate "2025.06.07"]

1. e4 {[%clk 01:30:58]} {[%emt 00:00:01]} c6 {[%clk 01:30:50]} {[%emt
00:00:10]} 2. d4 {[%clk 01:31:17]} {[%emt 00:00:12]} d5 {[%clk 01:31:14]}
{[%emt 00:00:05]} 3. Nc3 {[%clk 01:31:44]} {[%emt 00:00:02]} dxe4 {[%clk
01:31:37]} {[%emt 00:00:07]} 4. Nxe4 {[%clk 01:32:12]} {[%emt 00:00:03]} Nf6
{[%clk 01:31:46]} {[%emt 00:00:20]} 5. Nxf6+ {[%clk 01:32:40]} {[%emt
00:00:03]} exf6 {[%clk 01:32:07]} {[%emt 00:00:09]} 6. c3 {[%clk 01:33:06]}
{[%emt 00:00:03]} Bd6 {[%clk 01:32:30]} {[%emt 00:00:07]} 7. Bd3 {[%clk
01:33:34]} {[%emt 00:00:03]} O-O {[%clk 01:32:53]} {[%emt 00:00:07]} 8. Qc2
{[%clk 01:34:01]} {[%emt 00:00:03]} Re8+ {[%clk 01:33:19]} {[%emt 00:00:05]} 9.
Ne2 {[%clk 01:34:29]} {[%emt 00:00:02]} h5 {[%clk 01:33:42]} {[%emt 00:00:06]}
10. O-O {[%clk 01:34:56]} {[%emt 00:00:03]} h4 {[%clk 01:34:03]} {[%emt
00:00:08]} 11. h3 {[%clk 01:35:24]} {[%emt 00:00:02]} Nd7 {[%clk 01:33:51]}
{[%emt 00:00:41]} 12. Bd2 {[%clk 01:34:41]} {[%emt 00:01:15]} Nf8 {[%clk
01:34:14]} {[%emt 00:00:06]} 13. Rae1 {[%clk 01:34:47]} {[%emt 00:00:24]} Bd7
{[%clk 01:30:07]} {[%emt 00:04:37]} 14. c4 {[%clk 01:31:40]} {[%emt 00:03:37]}
Rc8 {[%clk 01:27:47]} {[%emt 00:02:50]} 15. f4 {[%clk 01:31:12]} {[%emt
00:00:58]} g6 {[%clk 01:11:51]} {[%emt 00:16:26]} 16. c5 {[%clk 01:26:48]}
{[%emt 00:04:54]} Bb8 {[%clk 01:08:42]} {[%emt 00:03:38]} 17. f5 {[%clk
01:19:44]} {[%emt 00:07:35]} g5 {[%clk 01:06:12]} {[%emt 00:02:59]} 18. Bc4
{[%clk 01:03:46]} {[%emt 00:16:30]} Qc7 {[%clk 00:59:52]} {[%emt 00:06:50]} 19.
Rf3 {[%clk 00:47:38]} {[%emt 00:16:37]} Qh2+ {[%clk 00:42:42]} {[%emt
00:17:40]} 20. Kf2 {[%clk 00:47:52]} {[%emt 00:00:16]} Re7 {[%clk 00:41:28]}
{[%emt 00:01:43]} 21. Qc1 {[%clk 00:31:04]} {[%emt 00:17:18]} Rce8 {[%clk
00:37:14]} {[%emt 00:04:44]} 22. Be3 {[%clk 00:26:17]} {[%emt 00:05:17]} Nh7
{[%clk 00:21:47]} {[%emt 00:15:57]} 23. Rh1 {[%clk 00:24:41]} {[%emt 00:02:06]}
Qc7 {[%clk 00:21:31]} {[%emt 00:00:46]} 24. g3 {[%clk 00:22:30]} {[%emt
00:02:41]} Bxf5 {[%clk 00:17:45]} {[%emt 00:04:16]} 25. gxh4 {[%clk 00:15:42]}
{[%emt 00:07:17]} Be4 {[%clk 00:16:35]} {[%emt 00:01:41]} 26. hxg5 {[%clk
00:07:50]} {[%emt 00:08:22]} fxg5 {[%clk 00:08:47]} {[%emt 00:08:17]} 27. Bxg5
{[%clk 00:04:19]} {[%emt 00:04:01]} Bxf3 {[%clk 00:07:49]} {[%emt 00:01:28]}
28. Rg1 {[%clk 00:03:15]} {[%emt 00:01:35]} Rxe2+ {[%clk 00:04:53]} {[%emt
00:03:27]} 29. Kxf3 {[%clk 00:03:34]} {[%emt 00:00:11]} Kf8 {[%clk 00:02:16]}
{[%emt 00:03:07]} 30. Bh6+ {[%clk 00:03:16]} {[%emt 00:00:48]} Ke7 {[%clk
00:02:39]} {[%emt 00:00:07]} 31. Bxe2 {[%clk 00:01:59]} {[%emt 00:01:47]} Kd8
{[%clk 00:02:01]} {[%emt 00:01:08]} 32. Bd3 {[%clk 00:01:33]} {[%emt 00:00:56]}
Qh2 {[%clk 00:01:35]} {[%emt 00:00:55]} 33. Bg5+ {[%clk 00:01:13]} {[%emt
00:00:51]} f6 {[%clk 00:01:45]} {[%emt 00:00:20]} 34. Bf4 {[%clk 00:01:12]}
{[%emt 00:00:31]} Qxh3+ {[%clk 00:01:27]} {[%emt 00:00:48]} 35. Rg3 {[%clk
00:01:30]} {[%emt 00:00:11]} Qh5+ {[%clk 00:01:39]} {[%emt 00:00:18]} 36. Kg2
{[%clk 00:01:25]} {[%emt 00:00:35]} Qd5+ {[%clk 00:01:43]} {[%emt 00:00:27]}
37. Kh2 {[%clk 00:00:48]} {[%emt 00:01:08]} Ng5 {[%clk 00:01:47]} {[%emt
00:00:26]} 38. Rxg5 {[%clk 00:00:37]} {[%emt 00:00:41]} Bxf4+ {[%clk 00:01:49]}
{[%emt 00:00:28]} 39. Qxf4 {[%clk 00:00:58]} {[%emt 00:00:08]} Rh8+ {[%clk
00:02:00]} {[%emt 00:00:19]} 40. Kg3 {[%clk 00:00:42]} {[%emt 00:00:47]} Qxg5+
{[%clk 00:02:23]} {[%emt 00:00:07]} 0-1

[Event "DEM U16 2025"]
[Site "Willingen GER"]
[Date "2025.06.13"]
[Round "8"]
[White "Bangert, Jonas"]
[Black "Sickmann, Lisa"]
[Result "1/2-1/2"]
[Termination "normal"]
[Board "12"]
[BlackTitle "WFM"]
[WhiteElo "1969"]
[BlackElo "1974"]
[WhiteClock "00:06:24"]
[BlackClock "00:44:59"]
[PlyCount "86"]
[WhiteFideId "16289650"]
[BlackFideId "16267818"]
[EventCountry "GER"]
[EventRounds "9"]
[EventType "swiss"]
[EventDate "2025.06.07"]

1. d4 {[%clk 01:30:57]} {[%emt 00:00:02]} Nf6 {[%clk 01:30:25]} {[%emt
00:00:35]} 2. Nf3 {[%clk 01:30:59]} {[%emt 00:00:28]} e6 {[%clk 01:30:47]}
{[%emt 00:00:08]} 3. c4 {[%clk 01:31:20]} {[%emt 00:00:09]} Bb4+ {[%clk
01:31:12]} {[%emt 00:00:06]} 4. Bd2 {[%clk 01:30:58]} {[%emt 00:00:52]} Qe7
{[%clk 01:31:33]} {[%emt 00:00:09]} 5. a3 {[%clk 01:30:53]} {[%emt 00:00:36]}
Bxd2+ {[%clk 01:31:51]} {[%emt 00:00:10]} 6. Qxd2 {[%clk 01:31:17]} {[%emt
00:00:07]} d6 {[%clk 01:27:24]} {[%emt 00:04:57]} 7. Nc3 {[%clk 01:30:03]}
{[%emt 00:01:44]} e5 {[%clk 01:24:40]} {[%emt 00:03:14]} 8. dxe5 {[%clk
01:15:36]} {[%emt 00:14:58]} dxe5 {[%clk 01:25:00]} {[%emt 00:00:10]} 9. e4
{[%clk 01:15:36]} {[%emt 00:00:30]} O-O {[%clk 01:24:32]} {[%emt 00:00:57]} 10.
Bd3 {[%clk 00:54:43]} {[%emt 00:21:23]} c6 {[%clk 01:22:48]} {[%emt 00:02:14]}
11. O-O {[%clk 00:54:06]} {[%emt 00:01:08]} Bg4 {[%clk 01:22:44]} {[%emt
00:00:33]} 12. Ne1 {[%clk 00:50:56]} {[%emt 00:03:40]} Nbd7 {[%clk 01:22:30]}
{[%emt 00:00:44]} 13. Be2 {[%clk 00:34:23]} {[%emt 00:17:04]} Be6 {[%clk
01:19:16]} {[%emt 00:03:44]} 14. b4 {[%clk 00:27:11]} {[%emt 00:07:42]} a5
{[%clk 01:14:56]} {[%emt 00:04:50]} 15. Nc2 {[%clk 00:27:28]} {[%emt 00:00:13]}
Rfd8 {[%clk 01:14:02]} {[%emt 00:01:23]} 16. Qe3 {[%clk 00:26:57]} {[%emt
00:01:01]} Nf8 {[%clk 01:09:56]} {[%emt 00:04:36]} 17. Na4 {[%clk 00:22:40]}
{[%emt 00:04:47]} axb4 {[%clk 01:06:05]} {[%emt 00:04:21]} 18. axb4 {[%clk
00:22:57]} {[%emt 00:00:14]} Ng6 {[%clk 00:58:46]} {[%emt 00:07:48]} 19. Nb6
{[%clk 00:12:55]} {[%emt 00:10:34]} Rxa1 {[%clk 00:58:37]} {[%emt 00:00:38]}
20. Rxa1 {[%clk 00:13:22]} {[%emt 00:00:04]} Nf4 {[%clk 00:58:19]} {[%emt
00:00:46]} 21. c5 {[%clk 00:12:34]} {[%emt 00:01:18]} Nd7 {[%clk 00:42:51]}
{[%emt 00:15:57]} 22. Nxd7 {[%clk 00:07:25]} {[%emt 00:05:40]} Qxd7 {[%clk
00:42:05]} {[%emt 00:01:16]} 23. Bf3 {[%clk 00:02:16]} {[%emt 00:05:38]} Bc4
{[%clk 00:39:13]} {[%emt 00:03:21]} 24. g3 {[%clk 00:01:34]} {[%emt 00:01:13]}
Ne6 {[%clk 00:39:00]} {[%emt 00:00:42]} 25. Bg4 {[%clk 00:01:11]} {[%emt
00:00:53]} Qe7 {[%clk 00:37:30]} {[%emt 00:01:59]} 26. Bxe6 {[%clk 00:01:27]}
{[%emt 00:00:16]} Qxe6 {[%clk 00:37:22]} {[%emt 00:00:38]} 27. Qd2 {[%clk
00:00:42]} {[%emt 00:01:15]} Qe7 {[%clk 00:36:38]} {[%emt 00:01:13]} 28. Qc3
{[%clk 00:00:45]} {[%emt 00:00:27]} Ba6 {[%clk 00:36:15]} {[%emt 00:00:53]} 29.
Ne3 {[%clk 00:00:45]} {[%emt 00:00:30]} g6 {[%clk 00:33:12]} {[%emt 00:03:33]}
30. Rd1 {[%clk 00:00:34]} {[%emt 00:00:41]} Rxd1+ {[%clk 00:32:56]} {[%emt
00:00:45]} 31. Nxd1 {[%clk 00:01:01]} {[%emt 00:00:04]} Qd7 {[%clk 00:32:39]}
{[%emt 00:00:47]} 32. Ne3 {[%clk 00:01:10]} {[%emt 00:00:21]} Qd4 {[%clk
00:32:56]} {[%emt 00:00:12]} 33. Qxd4 {[%clk 00:00:55]} {[%emt 00:00:46]} exd4
{[%clk 00:33:21]} {[%emt 00:00:04]} 34. Nf1 {[%clk 00:01:21]} {[%emt 00:00:05]}
Kf8 {[%clk 00:31:11]} {[%emt 00:02:40]} 35. Nd2 {[%clk 00:00:56]} {[%emt
00:00:55]} Ke7 {[%clk 00:31:23]} {[%emt 00:00:17]} 36. f4 {[%clk 00:00:53]}
{[%emt 00:00:33]} f6 {[%clk 00:23:18]} {[%emt 00:08:35]} 37. Kf2 {[%clk
00:00:39]} {[%emt 00:00:45]} Bd3 {[%clk 00:22:14]} {[%emt 00:01:33]} 38. Nb3
{[%clk 00:00:38]} {[%emt 00:00:32]} Bxe4 {[%clk 00:22:31]} {[%emt 00:00:13]}
39. Nxd4 {[%clk 00:01:05]} {[%emt 00:00:03]} Kd7 {[%clk 00:22:24]} {[%emt
00:00:37]} 40. Ke3 {[%clk 00:01:18]} {[%emt 00:00:17]} Bd5 {[%clk 00:22:13]}
{[%emt 00:00:40]} 41. h4 {[%clk 00:11:53]} {[%emt 00:19:56]} h5 {[%clk
00:48:56]} {[%emt 00:03:46]} 42. Kd3 {[%clk 00:06:25]} {[%emt 00:05:59]} Ke7
{[%clk 00:44:36]} {[%emt 00:04:50]} 43. Ke3 {[%clk 00:06:24]} {[%emt 00:00:31]}
Kd7 {[%clk 00:44:59]} {[%emt 00:00:06]} 1/2-1/2

[Event "DEM U16 2025"]
[Site "Willingen GER"]
[Date "2025.06.13"]
[Round "8"]
[White "Zomartova, Ilya"]
[Black "Blodig, Vincent"]
[Result "0-1"]
[Termination "normal"]
[Board "13"]
[WhiteElo "1962"]
[BlackElo "2129"]
[WhiteClock "01:21:21"]
[BlackClock "00:44:49"]
[PlyCount "34"]
[WhiteFideId "13630946"]
[BlackFideId "16297857"]
[EventCountry "GER"]
[EventRounds "9"]
[EventType "swiss"]
[EventDate "2025.06.07"]

1. d4 {[%clk 01:30:58]} Nf6 {[%clk 01:30:55]} {[%emt 00:00:06]} 2. c4 {[%clk
01:31:25]} {[%emt 00:00:03]} e6 {[%clk 01:31:15]} {[%emt 00:00:10]} 3. Nf3
{[%clk 01:31:50]} {[%emt 00:00:03]} d5 {[%clk 01:31:33]} {[%emt 00:00:14]} 4.
Nc3 {[%clk 01:32:13]} {[%emt 00:00:06]} dxc4 {[%clk 01:31:56]} {[%emt
00:00:08]} 5. e4 {[%clk 01:32:05]} {[%emt 00:00:38]} b5 {[%clk 01:32:17]}
{[%emt 00:00:08]} 6. e5 {[%clk 01:32:28]} {[%emt 00:00:07]} Nd5 {[%clk
01:32:43]} {[%emt 00:00:04]} 7. Nxb5 {[%clk 01:32:50]} {[%emt 00:00:09]} Nb6
{[%clk 01:33:05]} {[%emt 00:00:08]} 8. Be2 {[%clk 01:33:11]} {[%emt 00:00:08]}
Nc6 {[%clk 01:33:04]} {[%emt 00:00:31]} 9. O-O {[%clk 01:33:26]} {[%emt
00:00:15]} Be7 {[%clk 01:33:12]} {[%emt 00:00:22]} 10. Qd2 {[%clk 01:33:33]}
{[%emt 00:00:23]} Bb7 {[%clk 01:22:13]} {[%emt 00:11:29]} 11. Rd1 {[%clk
01:33:34]} {[%emt 00:00:29]} Qd7 {[%clk 01:14:39]} {[%emt 00:08:04]} 12. Nc3
{[%clk 01:33:38]} {[%emt 00:00:26]} O-O-O {[%clk 01:10:04]} {[%emt 00:05:06]}
13. Qe1 {[%clk 01:31:11]} {[%emt 00:02:57]} g5 {[%clk 00:49:40]} {[%emt
00:20:54]} 14. Bxg5 {[%clk 01:24:14]} {[%emt 00:07:27]} Bxg5 {[%clk 00:46:02]}
{[%emt 00:04:07]} 15. Nxg5 {[%clk 01:23:59]} {[%emt 00:00:45]} Nxd4 {[%clk
00:44:49]} {[%emt 00:01:43]} 16. f3 {[%clk 01:21:21]} {[%emt 00:03:08]} Qe7
{[%emt 00:06:28]} 17. Nge4 {[%emt 00:00:05]} Rhg8 0-1

[Event "DEM U16 2025"]
[Site "Willingen GER"]
[Date "2025.06.13"]
[Round "8"]
[White "Kaplan, Arne"]
[Black "Rose, Simeon"]
[Result "0-1"]
[Termination "normal"]
[Board "14"]
[WhiteElo "1846"]
[BlackElo "1864"]
[WhiteClock "00:46:46"]
[BlackClock "00:34:18"]
[PlyCount "38"]
[WhiteFideId "34625194"]
[BlackFideId "34625062"]
[EventCountry "GER"]
[EventRounds "9"]
[EventType "swiss"]
[EventDate "2025.06.07"]

1. e4 {[%clk 01:30:55]} {[%emt 00:00:03]} e5 {[%clk 01:30:58]} {[%emt
00:00:04]} 2. Nf3 {[%clk 01:31:17]} {[%emt 00:00:07]} Nc6 {[%clk 01:31:25]}
{[%emt 00:00:04]} 3. Bc4 {[%clk 01:31:40]} {[%emt 00:00:07]} Bc5 {[%clk
01:31:48]} {[%emt 00:00:07]} 4. c3 {[%clk 01:32:04]} {[%emt 00:00:05]} Nf6
{[%clk 01:32:14]} {[%emt 00:00:05]} 5. d4 {[%clk 01:32:28]} {[%emt 00:00:05]}
exd4 {[%clk 01:32:05]} {[%emt 00:00:40]} 6. b4 {[%clk 01:32:36]} {[%emt
00:00:22]} Bb6 {[%clk 01:31:13]} {[%emt 00:01:22]} 7. e5 {[%clk 01:32:58]}
{[%emt 00:00:09]} Ng4 {[%clk 01:18:39]} {[%emt 00:13:03]} 8. cxd4 {[%clk
01:32:03]} {[%emt 00:01:26]} d5 {[%clk 01:09:09]} {[%emt 00:10:00]} 9. Bb3
{[%clk 01:31:52]} {[%emt 00:00:40]} Nxb4 {[%clk 01:05:51]} {[%emt 00:03:48]}
10. O-O {[%clk 01:31:20]} {[%emt 00:01:02]} Be6 {[%clk 01:03:22]} {[%emt
00:03:00]} 11. Nc3 {[%clk 01:10:56]} {[%emt 00:20:54]} Nh6 {[%clk 00:58:00]}
{[%emt 00:05:52]} 12. Ng5 {[%clk 01:04:16]} {[%emt 00:07:09]} Nf5 {[%clk
00:53:51]} {[%emt 00:04:39]} 13. Nxe6 {[%clk 00:58:53]} {[%emt 00:05:53]} fxe6
{[%clk 00:54:17]} {[%emt 00:00:05]} 14. Ne2 {[%clk 00:58:49]} {[%emt 00:00:33]}
Nc6 {[%clk 00:48:23]} {[%emt 00:06:24]} 15. Bb2 {[%clk 00:52:57]} {[%emt
00:06:22]} O-O {[%clk 00:45:55]} {[%emt 00:02:58]} 16. a4 {[%clk 00:51:09]}
{[%emt 00:02:18]} Qh4 {[%clk 00:41:18]} {[%emt 00:05:06]} 17. g3 {[%clk
00:48:14]} {[%emt 00:03:25]} Qg4 {[%clk 00:40:23]} {[%emt 00:01:25]} 18. f3
{[%clk 00:47:28]} {[%emt 00:01:16]} Qg6 {[%clk 00:36:12]} {[%emt 00:04:41]} 19.
Qd3 {[%clk 00:46:46]} {[%emt 00:01:12]} Nfxd4 {[%clk 00:34:18]} {[%emt
00:02:25]} 0-1